| 000 | 01094nam a2200325 a 4500 | ||
|---|---|---|---|
| 999 |
_c142036 _d142036 |
||
| 001 | vtls000659391 | ||
| 003 | PNM | ||
| 005 | 20180728150115.0 | ||
| 008 | 111025s2012 my a g | 000 0 may | ||
| 020 |
_a9789673910755 (jil. 3) : _qhardback |
||
| 039 | 9 |
_a201209100911 _bmanoriah _c201110251618 _dizlin |
|
| 040 |
_aBNM _cPNM _beng _dPPAK _erda |
||
| 049 | _aklpmal | ||
| 082 | 0 | 4 |
_a305.235 _223 |
| 090 | 0 | 0 |
_a305.235 _bAIS _dG |
| 100 | 0 |
_aAishah Aziz, _d1983- _4Author |
|
| 245 | 1 | 0 |
_aKEMELUT PEMBANGUNAN PEROSAK KHAZANAH ALAM. _nJILID 3 / _cAISHAH AZIZ |
| 264 | 1 |
_aSeri Kembangan, Selangor : _bPenerbitan Premier _c2012 |
|
| 264 | 4 | _c© 2012 | |
| 300 |
_aiv, 44ms. : _bil. wrn. ; _c30cm. |
||
| 336 |
_2rdacontent _atext |
||
| 337 |
_2rdamedia _aunmediated |
||
| 338 |
_2rdacarrier _avolume |
||
| 490 | 1 | _aSIRI KEUNGGULAN SIVIK PEMANGKIN GENERASI CEMERLANG | |
| 504 | _aBibliografi: ms. 44 | ||
| 650 | 1 | 0 |
_aTeenagers _xConduct of life _vJuvenile literature |
| 650 | 2 | 0 |
_aEnvironment _vJuvenile literature |
| 830 | 0 | _aSiri keunggulan sivik pemangkin generasi cemerlang | |
| 942 |
_2ddc _cB |
||